| 000 | 00832nam a2200217Ia 4500 | ||
|---|---|---|---|
| 003 | OSt | ||
| 005 | 20250611154539.0 | ||
| 008 | 191128t2002 ck er 000 f spa d | ||
| 020 | _a9584206974 | ||
| 040 |
_aCO-JMCR _cCO-JMCR |
||
| 041 | _aspa | ||
| 082 | 0 | 4 |
_aA-N _bMENs |
| 100 | 1 |
_aMendoza, Mario, _d1964 _eautor _97614 |
|
| 245 | 1 | 0 |
_aSatanás / _cMario Mendoza |
| 260 |
_aBogotá : _bPlaneta, _c©2002 |
||
| 300 |
_a293 páginas ; _c19 cm. |
||
| 500 | _aIncluye datos biográficos del autor | ||
| 520 | _aUna mujer hermosa e ingenua que roba con destreza a altos ejecutivos, un pintor habitado por fuerzas misteriosas, y un sacerdote que se enfrenta a un caso de posesión demoníaca en La Candelaria, el barrio colonial de Bogotá… historias que se tejen en torn | ||
| 650 | 1 | 4 |
_aNovela colombiana _97615 |
| 942 |
_2ddc _cBK |
||
| 999 |
_c3271 _d3271 |
||